000 01314nam a22002897a 4500
999 _c112078
_d112078
003 dpl
005 20190109153430.0
008 190109b ||||| |||| 00| 0 eng d
010 _aB-103336
020 _c250.00
035 _aB-103336, B-103340
037 _bCen Lib/Ret
040 _aDPL
_bHN
_c0
082 _a821.08
_bब्रह्म
100 _aब्रह्मचारी , रामाश्रय दास
_945777
245 _aसंत कबीर और उनका दर्शन /
_cरामाश्रय दास ब्रह्मचारी
246 _asant Kabir or unka darshan
_bby Ramashray Dass Brahchari
260 _aनई दिल्ली
_bप्रकाशन संस्थान
_c2003
270 _a4715/21, दयानंद मार्ग दरियागंज
_bनई दिल्ली
_e110002
300 _a278पृष्ठ.
_c20सेमी (सजिल्द )
500 _aसहायक ग्रन्थ शामिल
650 _aहिंदी साहित्य
_945778
650 _aसंत काव्य -कबीर -दर्शन
_945779
650 _aHindi literature
_945780
650 _aSaint Poetry -kbir -drshn
_945781
942 _2ddc
_cHN
_h821.08
_mब्रह्म